Jawlnei Jeremia Laibu Bung 1-20 / (Record no. 3650)

MARC details
000 -LEADER
fixed length control field 00603nam a2200193Ia 4500
003 - CONTROL NUMBER IDENTIFIER
control field GBCCL
005 - DATE AND TIME OF LATEST TRANSACTION
control field 20241126110459.0
008 - FIXED-LENGTH DATA ELEMENTS--GENERAL INFORMATION
fixed length control field 171130b xxu||||| |||| 00| 0 eng d
040 ## - CATALOGING SOURCE
Transcribing agency gbc
082 ## - DEWEY DECIMAL CLASSIFICATION NUMBER
Classification number VER 224.207
Item number LUA
100 ## - MAIN ENTRY--PERSONAL NAME
Personal name Luaichinthang
9 (RLIN) 7248
245 ## - TITLE STATEMENT
Title Jawlnei Jeremia Laibu Bung 1-20 /
Statement of responsibility, etc. Luaichinthang
260 ## - PUBLICATION, DISTRIBUTION, ETC.
Name of publisher, distributor, etc. Evangelical Baptist Convention,
Place of publication, distribution, etc. New Lamka:
Date of publication, distribution, etc. 2004
300 ## - PHYSICAL DESCRIPTION
Extent 195p.;
Dimensions 20 cm.
440 ## - SERIES STATEMENT/ADDED ENTRY--TITLE
Title Saptuam' Laisiangthou Hilhchetna
9 (RLIN) 7247
650 ## - SUBJECT ADDED ENTRY--TOPICAL TERM
Topical term or geographic name entry element Bible
Form subdivision Old Testament
General subdivision Jeremiah
Chronological subdivision Commentary
9 (RLIN) 7250
650 ## - SUBJECT ADDED ENTRY--TOPICAL TERM
Topical term or geographic name entry element Sunday School
Form subdivision Adult
9 (RLIN) 7246
942 ## - ADDED ENTRY ELEMENTS (KOHA)
Edition 1ST ED
Source of classification or shelving scheme Dewey Decimal Classification
Koha item type Books
Koha issues (borrowed), all copies 4
Holdings
Withdrawn status Lost status Source of classification or shelving scheme Damaged status Not for loan Collection Home library Current Library Shelving location Date acquired Total checkouts Full call number Barcode Date last seen Copy number Price effective from Koha item type Date last checked out
    Dewey Decimal Classification       GRACE BIBLE COLLEGE GRACE BIBLE COLLEGE Vernacular 2017-11-30   VER 224.207 LUA 010796 2025-05-01 c.1 2017-11-30 Books  
    Dewey Decimal Classification       GRACE BIBLE COLLEGE GRACE BIBLE COLLEGE Vernacular 2017-11-30 1 VER 224.207 LUA 010797 2025-05-01 c.2 2017-11-30 Books 2018-04-25
    Dewey Decimal Classification       GRACE BIBLE COLLEGE GRACE BIBLE COLLEGE Vernacular 2017-11-30   VER 224.207 LUA 010798 2025-05-01 c.3 2017-11-30 Books  
    Dewey Decimal Classification       GRACE BIBLE COLLEGE GRACE BIBLE COLLEGE Vernacular 2017-11-30 2 VER 224.207 LUA 010799 2025-05-01 c.4 2017-11-30 Books 2022-08-12
    Dewey Decimal Classification       GRACE BIBLE COLLEGE GRACE BIBLE COLLEGE Vernacular 2017-11-30 2 VER 224.207 LUA 010800 2025-05-01 c.5 2017-11-30 Books 2025-01-27
© Grace Bible College Library 2025